00694 2200253 4500001002100000005001500021035002000036007000300056008004100059020002200100082001700122084001900139100003100158245006800189250003500257260002800292300002900320650002000349700001600369040001700385850001200402041000800414990001800422INLIS00000000081777220181109014034 a0010-1118000118ta181109s2017 yoi d f ind d a978-602-300-432-404223a899.2213 a899.2213 RIS l0 aRiskaninda Maharanid1983-1 aLorosa'e :bmy love /cRiskaninda Maharani; editor, Vita Nur A. aCetakan pertama, November 2017 aBantul :bAraska,c2017 avi, 252 halaman ;c20 cm 4aFiksi Indonesia0 aVita Nur A. aYOPDYOGbind aYOPDYOG0 aind a36642-PD/B.18